000 00580nam a2200205 i 4500
001 25797
003 ES-MaACL
005 20250812021620.0
007 t|
008 030103s1961 sp f |||| | spa d
100 1 _aAreán, Carlos,
_d1921-1996
_922562
245 1 0 _aTeoría del gótico /
_cCarlos Arean.
260 _aMadrid :
_bPublicaciones Españolas,
_c1961.
300 _a110 p., 8 lám. ;
_c21 cm.
490 1 _aMediodía
650 0 7 _aArte gótico
_2embne
_910212
830 0 _aMediodía
_9189985
852 _aES-MaACL
_jC-21533
999 _c25797
_d25797